000 00439nam a2200169Ia 4500
008 221030s9999 xx 000 0 und d
020 _a9812531084
041 _aEnglish
082 _a105.23
_bSte
100 _aR. Steele
245 0 _aGSM, Cdma One & 3 G Systems ( DEPARTMENTAL )
_cby R. Steele, C. C. Lee
260 _bJohn willey
_aNew York
_c2006
300 _a512
650 _aECE Departmental
700 _aC. C. Lee
942 _cBK
999 _c3378
_d3378